00341 a2200145 450000100060000002000150000604000240002110000240004524000370006924500320010630000070013836200090014544000170015465000240017144889 a8574120723 cAnchieta - Aquarius aHuri, Márcia Rita10aOs olhos verdes do dragãolpor10aOs olhos verdes do dragão a240 a2001 1aBrinque-book 4aLiteratura infantil